Greta Gerwig Movies - Director's Filmography - Statistics

General Stats
  • This quiz has been taken 32 times
    7 since last reset
  • The average score is 5 of 10
Answer Stats
Year Movie Director Writer Producer % Correct
2012 Frances Ha No Yes No
100%
2017 Lady Bird Yes Yes No
100%
2023 Barbie Yes Yes Executive
83%
2019 Little Women Yes Yes No
83%
2015 Mistress America No Yes Yes
50%
2007 Hannah Takes the Stairs No Yes No
33%
2026 Narnia: The Magician's Nephew Yes Yes No
17%
2008 Night and Weekends Yes Yes Yes
0%
2010 Northern Comfort No Yes No
0%
2025 Snow White No Revision No
0%
No matching quizzes found
Score Distribution
Percent of People with Each Score
Percentile by Number Answered
Your Score History
You have not taken this quiz since the last reset